<?xml version="1.0" encoding="UTF-8"?>
<collection xmlns="http://www.loc.gov/MARC21/slim">
 <record>
  <leader>01617nam a2200217Ia 4500</leader>
  <controlfield tag="001">CTU_196598</controlfield>
  <controlfield tag="008">210402s9999    xx            000 0 und d</controlfield>
  <datafield tag="020" ind1=" " ind2=" ">
   <subfield code="c">50000</subfield>
  </datafield>
  <datafield tag="082" ind1=" " ind2=" ">
   <subfield code="a">324.2597075</subfield>
  </datafield>
  <datafield tag="082" ind1=" " ind2=" ">
   <subfield code="b">K308</subfield>
  </datafield>
  <datafield tag="100" ind1=" " ind2=" ">
   <subfield code="a">Võ, Văn Kiệt</subfield>
  </datafield>
  <datafield tag="245" ind1=" " ind2="0">
   <subfield code="a">Kính chào thế hệ thứ tư</subfield>
  </datafield>
  <datafield tag="245" ind1=" " ind2="0">
   <subfield code="c">Võ Văn Kiệt</subfield>
  </datafield>
  <datafield tag="260" ind1=" " ind2=" ">
   <subfield code="a">Thành phố Hồ Chí Minh</subfield>
  </datafield>
  <datafield tag="260" ind1=" " ind2=" ">
   <subfield code="b">Tổng hợp</subfield>
  </datafield>
  <datafield tag="260" ind1=" " ind2=" ">
   <subfield code="c">2014</subfield>
  </datafield>
  <datafield tag="520" ind1=" " ind2=" ">
   <subfield code="a">Cuốn sách tập hợp những bài nói, bài viết của một vị lãnh đạo cao cấp nhất của Chính phủ viết ra mà khi đọc, tôi không cảm thấy nặng nề bởi sự hô hào, khẩu hiệu. Điều đó phù hợp với tác giả cuốn sách - Võ Văn Kiệt. Qua các bài viết, ta hình dung ra một con người bình dị, gần gũi, chân thành; ông đã đặt trọn niềm tin tưởng vào lớp trẻ và truyền cho họ sự nhiệt huyết, tinh thần dấn thân. Cuốn sách với tiêu đề &quot;Kính chào thế hệ thứ tư&quot; nhưng chắc chắn sẽ còn là lời &quot;tổng động viên&quot; cho nhiều thế hệ khác lên đường xây dựng tổ quốc giàu đẹp, văn minh và phát triển!</subfield>
  </datafield>
  <datafield tag="650" ind1=" " ind2=" ">
   <subfield code="a">Communism and youth,Youth,Chủ nghĩa cộng sản và thanh thiếu niên,Thanh thiếu niên</subfield>
  </datafield>
  <datafield tag="650" ind1=" " ind2=" ">
   <subfield code="z">Vietnam,Vietnam,Việt Nam</subfield>
  </datafield>
  <datafield tag="904" ind1=" " ind2=" ">
   <subfield code="i">Tuyến</subfield>
  </datafield>
  <datafield tag="980" ind1=" " ind2=" ">
   <subfield code="a">Trung tâm Học liệu Trường Đại học Cần Thơ</subfield>
  </datafield>
 </record>
</collection>
